Je mŕtvy

Bibliographic Details
Main Author: Balla, 1967- (Author)
Format: Book
Language:Slovak
Published: Levice Koloman Kertész Bagala 2018
Edition:Vydanie prvé
Subjects:

MARC

LEADER 00000cam a2200000 4500
001 vtls011831283
003 SK-MaSNL
005 20260301050607.0
008 210202s2018 xo gr 000 jdslo
015 |a SNBA2019/03 
020 |a 9788089973156  |q (viazané) 
035 |a 74913E50-1667-4969-AB0E-3A6A65C9D103 
035 |a urn:nbn:sk:snk-am3idlw 
035 |a urn:nbn:sk:snk-am00e61f 
040 |a SNK  |b slo  |c SNK  |e rda 
041 0 |a slo 
044 |a xo  |c SK 
072 7 |a 821.162.4-3  |x Slovenská próza  |2 konspekt 
080 |a 821.162.4-32  |2 2011 
100 0 |a Balla,  |d 1967-  |4 aut  |9 103595 
245 1 0 |a Je mŕtvy  |c Balla 
250 |a Vydanie prvé 
264 1 |a Levice  |b Koloman Kertész Bagala  |c 2018 
300 |a 217 strán  |c 19 cm 
336 |a text  |b txt  |2 rdacontent 
337 |a bez média  |b n  |2 rdamedia 
338 |a zväzok  |b nc  |2 rdacarrier 
500 |a Obsahuje profesijné údaje o autorovi na zadnej strane obálky publikácie 
655 7 |a slovenské poviedky  |2 SNKPH  |9 70226 
655 7 |a Slovak stories  |2 SNKPHeng  |9 277112 
919 |a 978-80-89973-15-6 
958 |a LX 
999 |c 601321  |d 603251 
952 |a SNK  |b SNK  |y PREZ  |7 0  |p 17A1360561  |o snkSD 88016  |i snk2019/5477  |8 0  |0 0  |1 0  |4 0  |d 2019-02-28  |f 1  |l 0  |r 2026-02-23 15:54:29  |w 2026-02-23 
952 |a SNK  |b SNK  |y PREZ  |7 0  |p 17A1360562  |o snkSD 88016 D1  |i snk2019/5478  |8 0  |0 0  |1 0  |4 0  |d 2019-02-28  |l 0  |r 2026-02-23 15:54:29  |w 2026-02-23